[Event "FIN-chT1B 1415"]
[Site "Finland"]
[Date "2014.11.16"]
[Round "4.3"]
[White "Koskimaa, Esko"]
[Black "Immonen, Vihtori"]
[Result "1-0"]
[WhiteElo "2121"]
[BlackElo "2127"]
[PlyCount "83"]
[EventDate "2014.09.27"]
[EventType "team-tourn"]
[EventRounds "7"]
[EventCountry "FIN"]
[SourceTitle "EXT 2017"]
[Source "ChessBase"]
[SourceDate "2016.10.25"]
[SourceVersion "1"]
[SourceVersionDate "2016.10.25"]
[SourceQuality "1"]
[WhiteTeam "Helsinki KSK"]
[BlackTeam "Helsinki HSK"]
[WhiteTeamCountry "FIN"]
[BlackTeamCountry "FIN"]

1. d4 Nf6 2. Bg5 g6 3. Bxf6 exf6 4. e3 Bg7 5. c4 d5 6. cxd5 Qxd5 7. Nc3 Qa5 8. Bd3 0-0 9. Nge2 c6 10. 0-0 f5 11. a3 Nd7 12. b4 Qb6 13. Rc1 a6 14. Nf4 Nf6 15. Na4 Qd8 16. Nc5 Nd5 17. Qf3 Nxf4 18. Qxf4 Qe7 19. h4 Be6 20. Be2 Bf6 21. h5 g5 22. Qg3 Bd5 23. Bf3 Be6 24. Rfd1 Rad8 25. a4 g4 26. Be2 Bh4 27. Qf4 Bg5 28. Qg3 f6 29. Nxe6 Qxe6 30. Bc4 Rd5 31. b5 Qf7 32. bxc6 bxc6 33. Rb1 Qxh5 34. Bxd5+ cxd5 35. Rb8 f4 36. Rxf8+ Kxf8 37. exf4 Bh4 38. Qa3+ Kf7 39. g3 f5 40. gxh4 g3 41. Re1 Qxh4 42. Qxg3 1-0

[Event "FIN-chT1B 1415"]
[Site "Finland"]
[Date "2014.11.15"]
[Round "3.3"]
[White "Lehtosaari, Mauri"]
[Black "Immonen, Vihtori"]
[Result "1/2-1/2"]
[WhiteElo "2140"]
[BlackElo "2127"]
[PlyCount "105"]
[EventDate "2014.09.27"]
[EventType "team-tourn"]
[EventRounds "7"]
[EventCountry "FIN"]
[SourceTitle "EXT 2017"]
[Source "ChessBase"]
[SourceDate "2016.10.25"]
[SourceVersion "1"]
[SourceVersionDate "2016.10.25"]
[SourceQuality "1"]
[WhiteTeam "Kotka KymS"]
[BlackTeam "Helsinki HSK"]
[WhiteTeamCountry "FIN"]
[BlackTeamCountry "FIN"]

1. d4 Nf6 2. Nf3 g6 3. Nc3 d5 4. g3 Bg7 5. Bg2 0-0 6. 0-0 Na6 7. e3 Bf5 8. a3 Qc8 9. Ne5 c6 10. Re1 Nd7 11. Nxd7 Qxd7 12. Ne2 Rac8 13. Bd2 Nc7 14. f3 h5 15. c3 Bh3 16. Bxh3 Qxh3 17. Nf4 Qd7 18. e4 dxe4 19. Rxe4 c5 20. dxc5 Rfd8 21. Re2 e5 22. Ng2 Qd5 23. Qf1 Qxc5+ 24. Be3 Qa5 25. Rae1 Ne6 26. Rd1 a6 27. Red2 Rxd2 28. Rxd2 Rd8 29. Qd1 Rxd2 30. Qxd2 Qb5 31. Ne1 Nc5 32. b4 Ne6 33. Qc2 Qc4 34. Qd3 Qxd3 35. Nxd3 e4 36. fxe4 Bxc3 37. a4 b5 38. axb5 axb5 39. Kf1 Kg7 40. Ke2 Kf6 41. Bb6 Bd4 42. Bxd4+ Nxd4+ 43. Ke3 Nc6 44. h3 Ke6 45. Kf4 f6 46. h4 Kd6 47. Ke3 Ke6 48. Nf4+ Kf7 49. Nd5 Ke6 50. Nc7+ Ke5 51. Nxb5 Nxb4 52. Nd4 Na6 53. Nc6+ 1/2-1/2

[Event "FIN-chT1B 1415"]
[Site "Finland"]
[Date "2014.09.27"]
[Round "1.2"]
[White "Jouhki, Yrjo Markus"]
[Black "Immonen, Vihtori"]
[Result "1-0"]
[WhiteElo "2276"]
[BlackElo "2127"]
[PlyCount "135"]
[EventDate "2014.09.27"]
[EventType "team-tourn"]
[EventRounds "7"]
[EventCountry "FIN"]
[SourceTitle "EXT 2017"]
[Source "ChessBase"]
[SourceDate "2016.10.25"]
[SourceVersion "1"]
[SourceVersionDate "2016.10.25"]
[SourceQuality "1"]
[WhiteTeam "Joensuu SK"]
[BlackTeam "Helsinki HSK"]
[WhiteTeamCountry "FIN"]
[BlackTeamCountry "FIN"]

1. e4 c5 2. Nf3 d6 3. c3 Nf6 4. h3 Nc6 5. Bd3 e5 6. 0-0 Be7 7. Re1 0-0 8. Bb5 Qb6 9. Na3 Ne8 10. d4 cxd4 11. Bxc6 bxc6 12. cxd4 exd4 13. Nxd4 Bf6 14. Be3 c5 15. Nb3 Be6 16. Qc2 Bxb3 17. axb3 Rb8 18. Nc4 Qxb3 19. Qxb3 Rxb3 20. Rxa7 Rb4 21. Rc1 Bd4 22. Bd2 Rb3 23. Bc3 Bxc3 24. Rxc3 Rxc3 25. bxc3 f5 26. exf5 d5 27. Ne3 Nf6 28. Ra5 d4 29. cxd4 cxd4 30. Nd5 Ne4 31. Ne7+ Kf7 32. Nc6 Rc8 33. f3 Rxc6 34. fxe4 d3 35. Rd5 Rc1+ 36. Kf2 Rc2+ 37. Kf3 d2 38. h4 h5 39. g3 g6 40. fxg6+ Kxg6 41. Rd6+ Kg7 42. Rd3 Kf6 43. Ke3 Rc1 44. Rxd2 Re1+ 45. Kf3 Rf1+ 46. Rf2 Re1 47. Kf4 Rg1 48. Rf3 Re1 49. Rf2 Rg1 50. e5+ Ke6 51. Rf3 Re1 52. Kg5 Rxe5+ 53. Kg6 Ra5 54. Rf6+ Ke7 55. Rf5 Ra3 56. Rg5 Ra8 57. Kxh5 Kf6 58. Rg6+ Kf7 59. g4 Rh8+ 60. Rh6 Rg8 61. Rh7+ Kf6 62. g5+ Kf5 63. Rf7+ Ke6 64. g6 Rh8+ 65. Kg5 Ra8 66. h5 Ra1 67. Kh6 Ra5 68. Rf2 1-0

[Event "FIN-chT1 West 1314"]
[Site "Finland"]
[Date "2013.11.03"]
[Round "4.2"]
[White "Salo, Tapio"]
[Black "Immonen, Vihtori"]
[Result "1-0"]
[WhiteElo "2277"]
[BlackElo "2127"]
[PlyCount "97"]
[EventDate "2013.09.21"]
[EventType "team-tourn"]
[EventRounds "9"]
[EventCountry "FIN"]
[SourceTitle "EXT 2022"]
[Source "ChessBase"]
[SourceDate "2021.10.06"]
[SourceVersion "1"]
[SourceVersionDate "2021.10.06"]
[SourceQuality "1"]
[WhiteTeam "Loimaa SK"]
[BlackTeam "Helsinki I-HSK"]
[WhiteTeamCountry "FIN"]
[BlackTeamCountry "FIN"]

1. d4 Nf6 2. c4 g6 3. Nf3 Bg7 4. g3 0-0 5. Bg2 d6 6. 0-0 Nc6 7. Nc3 a6 8. Bf4 Nh5 9. Be3 e5 10. dxe5 Nxe5 11. Nxe5 Bxe5 12. Qd2 Rb8 13. Rac1 Be6 14. b3 f5 15. f4 Bg7 16. Rfd1 Re8 17. Kh1 Bf7 18. Ba7 Ra8 19. Bg1 Rb8 20. Ba7 Ra8 21. Bd4 Rb8 22. Bxg7 Nxg7 23. e4 Ne6 24. Nd5 c5 25. e5 dxe5 26. fxe5 Nd4 27. Nf6+ Kg7 28. Nxe8+ Bxe8 29. b4 b6 30. bxc5 bxc5 31. Rb1 Ba4 32. Re1 Bc2 33. Rxb8 Qxb8 34. Qg5 Be4 35. Qe7+ Kg8 36. Bxe4 fxe4 37. e6 Qf8 38. Qxf8+ Kxf8 39. Rxe4 Ke7 40. Kg2 Nxe6 41. Kf3 Kd6 42. Ke3 Ng7 43. Kd3 Ne6 44. g4 g5 45. Rxe6+ Kxe6 46. Ke4 h6 47. h3 Kd6 48. Kf5 Kc6 49. Ke5 1-0

[Event "FIN-chT1 West 1314"]
[Site "Finland"]
[Date "2013.09.21"]
[Round "1.2"]
[White "Immonen, Vihtori"]
[Black "Ojanen, Jyrki"]
[Result "1-0"]
[WhiteElo "2127"]
[BlackElo "2073"]
[PlyCount "69"]
[EventDate "2013.09.21"]
[EventType "team-tourn"]
[EventRounds "9"]
[EventCountry "FIN"]
[SourceTitle "EXT 2022"]
[Source "ChessBase"]
[SourceDate "2021.10.06"]
[SourceVersion "1"]
[SourceVersionDate "2021.10.06"]
[SourceQuality "1"]
[WhiteTeam "Helsinki I-HSK"]
[BlackTeam "Turku AS"]
[WhiteTeamCountry "FIN"]
[BlackTeamCountry "FIN"]

1. e4 e5 2. Nf3 Nc6 3. Bb5 a6 4. Ba4 Nf6 5. 0-0 b5 6. Bb3 d6 7. Ng5 d5 8. exd5 Nxd5 9. Qf3 Be6 10. Nxe6 fxe6 11. Nc3 Nce7 12. Re1 Qd7 13. Qh5+ Kd8 14. Qxe5 c5 15. Bxd5 exd5 16. d4 b4 17. Ne2 Nc6 18. Qg5+ Kc7 19. dxc5 Bxc5 20. Nf4 Rae8 21. Bd2 Rhf8 22. Rxe8 Rxe8 23. Qxd5 Bd6 24. Qc4 Kb7 25. a3 Qf5 26. axb4 a5 27. Nd5 Na7 28. Rxa5 Bxh2+ 29. Kh1 Re6 30. Be3 Bb8 31. Rxa7+ Bxa7 32. Qc7+ Ka6 33. Qxa7+ Kb5 34. Qc5+ Ka4 35. Qa5# 1-0

[Event "FIN-chT1 East 1213"]
[Site "Finland"]
[Date "2013.02.09"]
[Round "6.1"]
[White "Koykka, Pekka"]
[Black "Immonen, Vihtori"]
[Result "1/2-1/2"]
[WhiteElo "2242"]
[BlackElo "2114"]
[PlyCount "105"]
[EventDate "2012.09.29"]
[EventType "team-tourn"]
[EventRounds "7"]
[EventCountry "FIN"]
[SourceTitle "EXT 2019"]
[Source "ChessBase"]
[SourceDate "2018.10.10"]
[SourceVersion "1"]
[SourceVersionDate "2018.10.10"]
[SourceQuality "1"]
[WhiteTeam "Tampere Tammer II"]
[BlackTeam "Helsinki HSK"]
[WhiteTeamCountry "FIN"]
[BlackTeamCountry "FIN"]

1. d4 Nf6 2. Nf3 g6 3. Bf4 Bg7 4. e3 0-0 5. h3 d6 6. Be2 Nbd7 7. 0-0 c6 8. c4 Re8 9. Nc3 Qb6 10. Qc2 e5 11. Bh2 Nh5 12. Ne4 c5 13. dxe5 dxe5 14. Rad1 Nhf6 15. Nd6 Re6 16. Nb5 Ne8 17. Ng5 Re7 18. Rd5 h6 19. Ne4 f5 20. Ned6 Nef6 21. Rd2 Nf8 22. Nxc8 Rxc8 23. Rfd1 Ne4 24. Rd5 a6 25. Nd6 Nxd6 26. Rxd6 Rc6 27. R6d5 Kh7 28. h4 e4 29. b3 h5 30. Qd2 Bf6 31. Bd6 Rf7 32. Bg3 a5 33. f3 Qb4 34. fxe4 Qxd2 35. R1xd2 fxe4 36. Bd1 Bc3 37. Rf2 Rxf2 38. Kxf2 Rf6+ 39. Ke2 b6 40. Bc2 Re6 41. Rd6 Rxd6 42. Bxd6 Nd7 43. Bxe4 Be5 44. Bxe5 Nxe5 45. Kf2 Kg7 46. Kg3 Kf6 47. Kf4 a4 48. Bc2 a3 49. Be4 Nf7 50. Bf3 Ne5 51. Be4 Nf7 52. Bf3 Ne5 53. Be4 1/2-1/2

[Event "Neckar op-A 16th"]
[Site "Deizisau"]
[Date "2012.04.05"]
[Round "1"]
[White "Immonen, Vihtori"]
[Black "Swinkels, Robin"]
[Result "0-1"]
[WhiteElo "2109"]
[BlackElo "2494"]
[PlyCount "98"]
[EventDate "2012.04.05"]
[EventType "swiss"]
[EventRounds "9"]
[EventCountry "GER"]
[SourceTitle "CBM 147 Extra"]
[Source "ChessBase"]
[SourceDate "2012.04.24"]
[SourceVersion "1"]
[SourceVersionDate "2012.04.24"]
[SourceQuality "1"]

1. e4 c5 2. Nf3 e6 3. d4 cxd4 4. Nxd4 Nc6 5. Nc3 Qc7 6. Be3 a6 7. Qd2 Nf6 8. 0-0-0 Bb4 9. f3 0-0 10. g4 Ne5 11. Kb1 Rd8 12. g5 Ne8 13. h4 d5 14. exd5 exd5 15. Bf4 Nc4 16. Qh2 Qb6 17. Nb3 Be6 18. h5 Rac8 19. Ne2 d4 20. Rxd4 Bf5 21. Rxd8 Rxd8 22. Ned4 Rxd4 23. Nxd4 Qxd4 24. Bxc4 Qxc4 25. Rd1 Ba5 26. h6 Qc6 27. Qe2 Qe6 28. Qxe6 Bxe6 29. hxg7 Kxg7 30. Bd2 Bc7 31. Be3 Kg8 32. Rd3 Ng7 33. Rc3 Be5 34. Rc5 Bd6 35. Rc3 Nf5 36. Rd3 Bc7 37. Bc1 Kg7 38. b3 Kg6 39. f4 Ne7 40. Rd1 Nd5 41. Rf1 Bf5 42. Bd2 Be4 43. Rf2 Kf5 44. Rh2 Kg4 45. Rh6 Nxf4 46. Rf6 Bg6 47. Bxf4 Bxf4 48. Rb6 Kxg5 49. Rxb7 h5 0-1

[Event "Nordic School-ch U20"]
[Site "Espoo"]
[Date "2012.02.19"]
[Round "6"]
[White "Hobber, Anders"]
[Black "Immonen, Vihtori"]
[Result "1/2-1/2"]
[WhiteElo "2201"]
[BlackElo "2125"]
[PlyCount "29"]
[EventDate "2012.02.17"]
[EventType "swiss"]
[EventRounds "6"]
[EventCountry "FIN"]
[SourceTitle "EXT 2022"]
[Source "ChessBase"]
[SourceDate "2021.10.06"]
[SourceVersion "1"]
[SourceVersionDate "2021.10.06"]
[SourceQuality "1"]

1. d4 Nf6 2. Nf3 g6 3. Nc3 d5 4. Bf4 Bg7 5. Qd2 Ne4 6. Nxe4 dxe4 7. Ne5 Nd7 8. Nxd7 Qxd7 9. e3 0-0 10. Bc4 c5 11. c3 b5 12. Be2 b4 13. Rd1 Qa4 14. dxc5 bxc3 15. bxc3 1/2-1/2

[Event "FIN-chT1B 1112"]
[Site "Finland"]
[Date "2012.01.14"]
[Round "5.2"]
[White "Immonen, Vihtori"]
[Black "Torkkola, Henri"]
[Result "0-1"]
[WhiteElo "2132"]
[BlackElo "2031"]
[PlyCount "142"]
[EventDate "2011.09.17"]
[EventType "team-tourn"]
[EventRounds "7"]
[EventCountry "FIN"]
[SourceTitle "EXT 2019"]
[Source "ChessBase"]
[SourceDate "2018.10.10"]
[SourceVersion "1"]
[SourceVersionDate "2018.10.10"]
[SourceQuality "1"]
[WhiteTeam "Helsinki HSK"]
[BlackTeam "Lahti S"]
[WhiteTeamCountry "FIN"]
[BlackTeamCountry "FIN"]

1. e4 c6 2. d4 d5 3. Nc3 dxe4 4. Nxe4 Bf5 5. Ng3 Bg6 6. h4 h6 7. Nf3 Nd7 8. h5 Bh7 9. Bd3 Bxd3 10. Qxd3 e6 11. Bf4 Qa5+ 12. Bd2 Bb4 13. c3 Be7 14. c4 Qc7 15. d5 cxd5 16. cxd5 Qd6 17. Qb3 Ngf6 18. dxe6 Qxe6+ 19. Qxe6 fxe6 20. 0-0 Kf7 21. Bc3 Nd5 22. Ne5+ Nxe5 23. Bxe5 Bf6 24. Rfe1 Rac8 25. Bxf6 gxf6 26. Rac1 Nf4 27. Kf1 Nd3 28. Rxc8 Rxc8 29. Rd1 Rc1 30. Rxc1 Nxc1 31. Ne4 Ke7 32. Nc3 f5 33. g3 Nd3 34. b3 Kf6 35. Nb5 a6 36. Nd6 b6 37. Ne8+ Ke7 38. Nc7 a5 39. a3 Nc5 40. b4 axb4 41. axb4 Nd7 42. f3 Nf6 43. Kf2 Kd7 44. Nb5 Nxh5 45. Nd4 Nf6 46. b5 Kd6 47. Ke3 Kd5 48. Kd3 Nh5 49. Ne2 Kc5 50. f4 Kxb5 51. Kd4 Kc6 52. Ke5 Kd7 53. Kd4 Kd6 54. Kc4 e5 55. Kd3 b5 56. Nc3 b4 57. Ne2 Kd5 58. fxe5 Kxe5 59. Nd4 Nxg3 60. Nc6+ Kf4 61. Nxb4 Kf3 62. Nc2 h5 63. Kd2 h4 64. Ne1+ Kf2 65. Nd3+ Kf1 66. Nf4 Ne4+ 67. Ke3 Ng5 68. Nh5 h3 69. Ng3+ Kg2 70. Nxf5 h2 71. Nh4+ Kh3 0-1

[Event "FIN-chT1B 1112"]
[Site "Finland"]
[Date "2011.11.19"]
[Round "3.3"]
[White "Immonen, Vihtori"]
[Black "Kiviaho, Allan"]
[Result "1-0"]
[WhiteElo "2132"]
[BlackElo "2185"]
[PlyCount "123"]
[EventDate "2011.09.17"]
[EventType "team-tourn"]
[EventRounds "7"]
[EventCountry "FIN"]
[SourceTitle "EXT 2019"]
[Source "ChessBase"]
[SourceDate "2018.10.10"]
[SourceVersion "1"]
[SourceVersionDate "2018.10.10"]
[SourceQuality "1"]
[WhiteTeam "Helsinki HSK"]
[BlackTeam "Helsinki HSK II"]
[WhiteTeamCountry "FIN"]
[BlackTeamCountry "FIN"]

1. e4 c5 2. Nf3 e6 3. d4 cxd4 4. Nxd4 Nc6 5. Nc3 Qc7 6. Be3 a6 7. Qd2 Nf6 8. 0-0-0 Bb4 9. f3 Ne5 10. Nb3 Bxc3 11. Qxc3 Qxc3 12. bxc3 b5 13. Nc5 d5 14. Bd4 Ned7 15. Nxd7 Bxd7 16. Bxf6 gxf6 17. exd5 exd5 18. Rxd5 Be6 19. Rd4 Bxa2 20. c4 Bxc4 21. Bxc4 bxc4 22. Re1+ Kf8 23. Rxc4 Rg8 24. g3 Rg5 25. Rc7 Re5 26. Rd1 Kg7 27. Rdd7 Rf8 28. Kd2 Kg6 29. f4 Re4 30. c4 Kf5 31. Rxf7 Rxf7 32. Rxf7 Rxc4 33. Rxh7 Kg6 34. Ra7 Ra4 35. Ke3 Ra2 36. h3 Ra3+ 37. Kf2 Kf5 38. h4 Kg4 39. Rg7+ Kh5 40. Kg2 Kh6 41. Ra7 f5 42. Kh3 Kg6 43. Rb7 a5 44. Rb6+ Kg7 45. h5 a4 46. Kh4 Rb3 47. Ra6 a3 48. Ra5 Kf6 49. Ra6+ Kg7 50. Ra7+ Kf6 51. h6 Rb2 52. Ra6+ Kf7 53. Rxa3 Kg6 54. Ra6+ Kh7 55. Kg5 Rb3 56. Kh4 Rb1 57. Kh5 Rb3 58. Rg6 Rb1 59. Rg7+ Kh8 60. Rg5 Rb3 61. Kg6 Rb6+ 62. Kxf5 1-0

[Event "Heart of Finland op 21st"]
[Site "Jyvaskyla"]
[Date "2011.07.15"]
[Round "7"]
[White "Immonen, Vihtori"]
[Black "Tiitta, Sauli"]
[Result "1-0"]
[WhiteElo "2108"]
[BlackElo "2176"]
[PlyCount "73"]
[EventDate "2011.07.11"]
[EventType "swiss"]
[EventRounds "9"]
[EventCountry "FIN"]
[SourceTitle "CBM 143 Extra"]
[Source "ChessBase"]
[SourceDate "2011.08.29"]
[SourceVersion "1"]
[SourceVersionDate "2011.08.29"]
[SourceQuality "1"]

1. e4 c5 2. Nf3 d6 3. d4 cxd4 4. Nxd4 Nf6 5. Nc3 a6 6. Be3 e5 7. Nf3 Be7 8. Bc4 0-0 9. 0-0 Be6 10. Bxe6 fxe6 11. Na4 Nfd7 12. c4 Nc6 13. Qe2 Rc8 14. Rfd1 Qe8 15. Rac1 Qg6 16. Nb6 Nxb6 17. Bxb6 Rf4 18. Nd2 Nd4 19. Bxd4 exd4 20. b4 e5 21. b5 axb5 22. cxb5 Rff8 23. Rc4 Qe6 24. Rdc1 Bg5 25. Rxc8 Rxc8 26. Rxc8+ Qxc8 27. Qc4+ Qxc4 28. Nxc4 Be7 29. a4 d5 30. exd5 Bc5 31. Nxe5 b6 32. Kf1 Kf8 33. Nd7+ Ke7 34. Nxc5 bxc5 35. Ke2 Kd6 36. b6 c4 37. a5 1-0

[Event "Heart of Finland op 21st"]
[Site "Jyvaskyla"]
[Date "2011.07.14"]
[Round "5"]
[White "Kiltti, Jyrki"]
[Black "Immonen, Vihtori"]
[Result "1-0"]
[WhiteElo "2254"]
[BlackElo "2108"]
[PlyCount "95"]
[EventDate "2011.07.11"]
[EventType "swiss"]
[EventRounds "9"]
[EventCountry "FIN"]
[SourceTitle "CBM 143 Extra"]
[Source "ChessBase"]
[SourceDate "2011.08.29"]
[SourceVersion "1"]
[SourceVersionDate "2011.08.29"]
[SourceQuality "1"]

1. c4 g6 2. Nc3 Nf6 3. g3 Bg7 4. Bg2 0-0 5. Nf3 d6 6. 0-0 Nc6 7. d4 a6 8. d5 Na5 9. b3 c5 10. Bb2 Rb8 11. a4 Bd7 12. Nd2 b5 13. axb5 axb5 14. cxb5 Bxb5 15. Ra3 Qb6 16. Qa1 Ra8 17. Qa2 Ra6 18. Ra1 Rfa8 19. Bf1 Nd7 20. Nxb5 Bxb2 21. Qxb2 Qxb5 22. e4 c4 23. Qc3 Ne5 24. bxc4 Qc5 25. Nb3 Nxb3 26. Rxa6 Rxa6 27. Rxa6 Nd2 28. Ra8+ Kg7 29. Ra5 Nxe4 30. Rxc5 Nxc3 31. Rc7 Kf6 32. f4 Nf3+ 33. Kg2 Nd2 34. Bd3 Na4 35. Kf2 Nc5 36. Ke3 Nxd3 37. Kxd2 Nc5 38. g4 h6 39. Ke3 g5 40. f5 Na6 41. Rc8 Kg7 42. Kd4 Kf6 43. Rc6 Nb8 44. c5 e5+ 45. Ke4 Nxc6 46. dxc6 Ke7 47. c7 Kd7 48. cxd6 1-0

[Event "Heart of Finland op 21st"]
[Site "Jyvaskyla"]
[Date "2011.07.12"]
[Round "2"]
[White "Immonen, Vihtori"]
[Black "Pohjala, Henri"]
[Result "1/2-1/2"]
[WhiteElo "2108"]
[BlackElo "2241"]
[PlyCount "66"]
[EventDate "2011.07.11"]
[EventType "swiss"]
[EventRounds "9"]
[EventCountry "FIN"]
[SourceTitle "CBM 143 Extra"]
[Source "ChessBase"]
[SourceDate "2011.08.29"]
[SourceVersion "1"]
[SourceVersionDate "2011.08.29"]
[SourceQuality "1"]

1. e4 e5 2. Nf3 d6 3. d4 Nd7 4. Bc4 c6 5. Nc3 Be7 6. 0-0 Ngf6 7. dxe5 dxe5 8. Ng5 0-0 9. f4 b5 10. Bb3 b4 11. Na4 Ba6 12. Rf3 h6 13. Nh3 Qa5 14. c3 Rad8 15. Qc2 c5 16. Bd5 Nxd5 17. exd5 e4 18. Qxe4 Qxa4 19. b3 Qa5 20. Qxe7 Rfe8 21. Qh4 bxc3 22. f5 Ne5 23. Bxh6 Nxf3+ 24. gxf3 Qb4 25. Bf4 c2 26. Ng5 Qd4+ 27. Kg2 Qxa1 28. Qh7+ Kf8 29. Ne6+ Ke7 30. Qh4+ Qf6 31. d6+ Rxd6 32. Bxd6+ Kxd6 33. Qa4 Rxe6 1/2-1/2

[Event "FIN-ch U18/20"]
[Site "Turku"]
[Date "2011.06.10"]
[Round "2"]
[White "Immonen, Vihtori"]
[Black "Linden, Lari"]
[Result "1/2-1/2"]
[WhiteElo "2041"]
[BlackElo "1908"]
[PlyCount "68"]
[EventDate "2011.06.09"]
[EventType "tourn"]
[EventRounds "7"]
[EventCountry "FIN"]
[SourceTitle "EXT 2022"]
[Source "ChessBase"]
[SourceDate "2021.10.06"]
[SourceVersion "1"]
[SourceVersionDate "2021.10.06"]
[SourceQuality "1"]

1. e4 c5 2. Nf3 e6 3. d4 cxd4 4. Nxd4 Nc6 5. Nc3 Qc7 6. Be3 a6 7. Qd2 Nf6 8. 0-0-0 Bb4 9. f3 Ne5 10. Nb3 b5 11. Qd4 Nc6 12. Qb6 Qe5 13. f4 Qb8 14. Qxb8 Rxb8 15. e5 Bxc3 16. bxc3 Nd5 17. Bd2 Ke7 18. c4 bxc4 19. Bxc4 Nb6 20. Be2 Rd8 21. Nc5 Nd5 22. a3 Bb7 23. Nxa6 Bxa6 24. Bxa6 Ra8 25. Bb5 Rxa3 26. c4 Ra1+ 27. Kb2 Rxd1 28. Rxd1 Rb8 29. Kc1 Nc7 30. Bxc6 dxc6 31. Ba5 Rb7 32. Rd6 c5 33. Rc6 Kd7 34. Rxc5 Na6 1/2-1/2

[Event "Helsinki HSL Easter 4th Group A"]
[Site "Helsinki"]
[Date "2011.04.??"]
[Round "5"]
[White "Immonen, Vihtori"]
[Black "Pelto, Juho"]
[Result "1-0"]
[WhiteElo "2041"]
[BlackElo "2057"]
[PlyCount "55"]
[EventDate "2011.04.21"]
[EventType "swiss"]
[EventRounds "7"]
[EventCountry "FIN"]
[SourceTitle "EXT 2022"]
[Source "ChessBase"]
[SourceDate "2021.10.06"]
[SourceVersion "1"]
[SourceVersionDate "2021.10.06"]
[SourceQuality "1"]

1. e4 c5 2. Nf3 Nc6 3. d4 cxd4 4. Nxd4 g6 5. Nc3 Bg7 6. Be3 Nf6 7. Bc4 0-0 8. Bb3 d6 9. f3 Bd7 10. Qd2 a6 11. h4 Qa5 12. 0-0-0 Nxd4 13. Bxd4 Be6 14. g4 Bxb3 15. cxb3 Rfd8 16. h5 Rac8 17. Kb1 gxh5 18. gxh5 h6 19. Rdg1 Kh7 20. Qd3 e5 21. Bf2 Rd7 22. Nd5 Rg8 23. Nb6 Rdd8 24. a4 Bh8 25. Rxg8 Kxg8 26. Rg1+ Kh7 27. Qc4 Rf8 28. b4 1-0

[Event "Helsinki HSL Easter 4th Group A"]
[Site "Helsinki"]
[Date "2011.04.??"]
[Round "4"]
[White "Jarvinen, Seppo"]
[Black "Immonen, Vihtori"]
[Result "0-1"]
[WhiteElo "1902"]
[BlackElo "2041"]
[PlyCount "96"]
[EventDate "2011.04.21"]
[EventType "swiss"]
[EventRounds "7"]
[EventCountry "FIN"]
[SourceTitle "EXT 2022"]
[Source "ChessBase"]
[SourceDate "2021.10.06"]
[SourceVersion "1"]
[SourceVersionDate "2021.10.06"]
[SourceQuality "1"]

1. Nf3 Nf6 2. c4 g6 3. Nc3 Bg7 4. e4 d6 5. Be2 e5 6. d3 0-0 7. 0-0 Nc6 8. Nd5 Nd7 9. h3 Nd4 10. Nh2 c6 11. Ne3 f5 12. exf5 Nxf5 13. Bd2 Nc5 14. Bc3 Ne6 15. Nxf5 Rxf5 16. Bg4 Rf4 17. g3 Rf7 18. Qe2 Nc5 19. Rae1 Na4 20. Qe3 Nxc3 21. bxc3 Qa5 22. Qd2 a6 23. Bxc8 Rxc8 24. Ng4 Rcf8 25. Kg2 Qc5 26. Qe3 Qa3 27. Qd2 b5 28. cxb5 axb5 29. Re2 Ra8 30. f4 h5 31. Nh2 exf4 32. Rxf4 Bh6 33. Nf3 Bxf4 34. gxf4 Qa4 35. d4 Qc4 36. Qe3 Rxa2 37. Rxa2 Qxa2+ 38. Kg3 Qa7 39. Qe8+ Kg7 40. Qxc6 Qd7 41. Qd5 Rf6 42. Ng5 Qc8 43. Qf3 Qd7 44. Qe4 Qc7 45. Kh4 d5 46. Qe5 Qxe5 47. fxe5 Rc6 48. Kg3 Rxc3+ 0-1

[Event "FIN-chT1B 1011"]
[Site "Finland"]
[Date "2011.02.12"]
[Round "7.4"]
[White "Tuominen, Risto"]
[Black "Immonen, Vihtori"]
[Result "1-0"]
[WhiteElo "2273"]
[BlackElo "2018"]
[PlyCount "85"]
[EventDate "2010.09.18"]
[EventType "team-tourn"]
[EventRounds "9"]
[EventCountry "FIN"]
[SourceTitle "EXT 2022"]
[Source "ChessBase"]
[SourceDate "2021.10.06"]
[SourceVersion "1"]
[SourceVersionDate "2021.10.06"]
[SourceQuality "1"]
[WhiteTeam "Turku TS"]
[BlackTeam "Helsinki I-HSK"]
[WhiteTeamCountry "FIN"]
[BlackTeamCountry "FIN"]

1. d4 Nf6 2. c4 g6 3. Nc3 Bg7 4. Bg5 d6 5. Nf3 0-0 6. e3 c5 7. Be2 h6 8. Bh4 Bf5 9. 0-0 Ne4 10. Nxe4 Bxe4 11. dxc5 Bxb2 12. cxd6 g5 13. Rb1 Bf6 14. Bg3 Bxb1 15. Qxb1 Nd7 16. Qxb7 Nc5 17. Qd5 exd6 18. Rd1 Re8 19. Qf5 Bg7 20. Bxd6 Ne4 21. Be5 Qa5 22. Rd7 Nd6 23. Rxd6 Rxe5 24. Nxe5 Qxe5 25. Qxe5 Bxe5 26. Rd5 f6 27. g3 Rb8 28. Bf3 Bc3 29. c5 Rb1+ 30. Kg2 Rc1 31. c6 Be5 32. Rd8+ Kf7 33. Rd7+ Ke8 34. Rxa7 Rc5 35. Rh7 Rc2 36. a4 Rc4 37. a5 g4 38. Bd5 Rc5 39. a6 Rxd5 40. a7 Ra5 41. c7 Bxc7 42. Rxc7 Kd8 43. Rb7 1-0

[Event "Helsinki We HSL 7th"]
[Site "Helsinki"]
[Date "2011.??.??"]
[Round "2"]
[White "Hynna, Kevin"]
[Black "Immonen, Vihtori"]
[Result "0-1"]
[WhiteElo "1964"]
[BlackElo "2041"]
[PlyCount "88"]
[EventDate "2011.??.??"]
[EventType "swiss"]
[EventRounds "5"]
[EventCountry "FIN"]
[SourceTitle "EXT 2022"]
[Source "ChessBase"]
[SourceDate "2021.10.06"]
[SourceVersion "1"]
[SourceVersionDate "2021.10.06"]
[SourceQuality "1"]

1. e4 c5 2. c3 Nf6 3. e5 Nd5 4. Nf3 Nc6 5. Bc4 Nb6 6. Bb3 d5 7. exd6 Qxd6 8. Qe2 Bf5 9. Na3 Bd3 10. Qe3 c4 11. Nb5 Qd7 12. Nbd4 Nd5 13. Qg5 cxb3 14. Nxc6 bxc6 15. axb3 f6 16. Qh5+ g6 17. Qh3 Qxh3 18. gxh3 Be4 19. Ke2 Bh6 20. d3 Bxf3+ 21. Kxf3 Bxc1 22. Rhxc1 Kd7 23. Ra3 Rhb8 24. b4 e5 25. h4 Kd6 26. h5 g5 27. h6 Ne7 28. h4 gxh4 29. Rca1 Rg8 30. b5 cxb5 31. Ra6+ Nc6 32. Rh1 Rab8 33. Rxh4 Rb6 34. Rxb6 axb6 35. b4 Rg6 36. Ke4 Ne7 37. f4 exf4 38. c4 f5+ 39. Kd4 Nc6+ 40. Kc3 Ke5 41. Rh1 f3 42. c5 bxc5 43. bxc5 f2 44. Rf1 Rg2 0-1